| 000 | 00634nam a2200181Ia 4500 | ||
|---|---|---|---|
| 008 | 090630s9999 xx 000 0 und d | ||
| 082 | _b7431 | ||
| 100 | _aढाकुरकर नाना. | ||
| 245 |
_aफिरकी आणि गीरकी. _cढाकुरकर नाना. |
||
| 260 |
_bचंद्रकांत. _c1980 |
||
| 300 | _a16 | ||
| 600 | _aढाकुरकर नाना. | ||
| 630 | _aफिरकी आणि गीरकी. | ||
| 655 | _aबालवाङमय. | ||
| 700 | _aढाकुरकर नाना. | ||
| 730 | _aफिरकी आणि गीरकी. | ||
| 942 | _cBOOK | ||
| 999 |
_c259287 _d259287 |
||